LIBRARY & INFORMATION CENTRE, KCAET, TAVANUR

ONLINE PUBLIC ACCESS CATALOGUE (OPAC)

Comprehensive inorganic chemistry, Vol 6 / (Record no. 7087)

MARC details
000 -LEADER
fixed length control field 00464cam a2200181ua 4500
041 ## - LANGUAGE CODE
Language code of text/sound track or separate title eng
082 ## - DEWEY DECIMAL CLASSIFICATION NUMBER
Classification number 546
Item number SNE/CO
100 ## - MAIN ENTRY--AUTHOR NAME
Personal name Sneed, Cannen M .
245 ## - TITLE STATEMENT
Title Comprehensive inorganic chemistry, Vol 6 /
260 ## - PUBLICATION, DISTRIBUTION, ETC. (IMPRINT)
Place of publication New York :
Name of publisher Van Nostrand Reinhold Company ,
Year of publication 1965.
300 ## - PHYSICAL DESCRIPTION
Number of Pages 234 ; .
942 ## - ADDED ENTRY ELEMENTS (KOHA)
Koha item type Books
Holdings
Withdrawn status Lost status Damaged status Home library Current library Date acquired Full call number Accession Number Koha item type
      KAUAET KAUAET 07/04/2012 546 SNE/CO 10615 Books
free website counter